[Event "45th Olympiad Budapest 2024"]
[Site "Budapest"]
[Date "2024.09.19"]
[Round "8"]
[Board "2"]
[White "Eichab, Charles"]
[Black "Glaves, Raheem"]
[Result "1-0"]
[WhiteElo "2013"]
[BlackElo "2094"]
[PlyCount "93"]
[EventDate "2024.09.11"]
[EventType "team-tourn"]
[EventRounds "11"]
[EventCountry "HUN"]
[WhiteTeam "Namibia"]
[BlackTeam "Jamaica"]
[WhiteTeamCountry "NAM"]
[BlackTeamCountry "JAM"]

1. c4 e5 2. Nc3 Nf6 3. Nf3 Nc6 4. g3 d5 5. cxd5 Nxd5 6. Bg2 Nb6 7. O-O Be7 8. d3 O-O 9. Be3 Be6 10. Na4 Nd5 11. Bc5 Qd7 ({RR} 11... b6 12. Bxe7 Ndxe7 13. Ng5 Bd7 14. Nc3 Rc8 15. Rc1 h6 16. Nf3 Bg4 17. Qa4 Qd7 18. b4 a6 19. a3 Ra8 20. Ne1 Ra7 21. Nc2 Rd8 22. Ne3 Nd4 23. Nxg4 Nxe2+ 24. Kh1 b5 25. Qc2 Nxc1 26. Nxe5 {1-0 Granda Zuniga,J (2646)-Espinoza Palomino,W (2416) Lorca op 5th 2016 (7)}) ({RR} 11... b6 12. Bxe7 Ndxe7 13. Nc3 f6 14. Qa4 Qd7 15. Rfc1 Rac8 16. b4 a5 17. bxa5 Nxa5 18. Qxd7 Bxd7 19. Nd2 Rfd8 20. Rc2 Be6 21. Rac1 Kf8 22. Na4 Bd7 23. Nb2 c6 24. Na4 Rb8 25. Rb2 b5 26. Nc5 {1-0 Flores,D (2530)-Espinoza Palomino,W (2400) 2nd FAOGBA Open 2024 (5.1)}) 12. Bxe7 Qxe7 13. Rc1 $146 ({RR} 13. a3 Rad8 14. Rc1 e4 15. Ne1 exd3 16. Nxd3 Bg4 17. Bf3 Bxf3 18. exf3 Ne3 19. fxe3 Qxe3+ 20. Rf2 Rxd3 21. Qe1 Qd4 22. Nc5 Rxf3 23. Qd2 b6 24. Na6 Rxf2 25. Qxf2 Qd6 26. Qc2 Nd4 27. Qxc7 Qe6 {0-1 Knoppert,E (2385)-Gurevich,M (2635) Haarlem AKN op 07th 1998 (3)}) 13... Rad8 14. Rxc6 bxc6 15. Nxe5 Qf6 16. Nxc6 Rde8 17. d4 Nb6 18. Nc3 Bh3 19. Bxh3 Qxc6 20. e3 Re7 21. Qe2 Rd8 22. Bg2 Qg6 23. Rd1 a5 24. e4 Qe6 25. Qb5 Qf6 26. d5 a4 27. f4 g5 28. e5 Qf5 29. d6 Red7 30. Bc6 gxf4 31. Bxd7 Rxd7 32. Rf1 Qc2 33. gxf4 f6 34. Kh1 Kf7 35. Qc6 Qd3 36. Re1 fxe5 37. fxe5 Kg7 38. Qg2+ Qg6 39. Qf2 Rf7 40. Qd4 Qe6 41. Rg1+ Kf8 42. Qh4 Ke8 43. Rg8+ Kd7 44. Rd8+ Kc6 45. Qe4+ Kc5 46. dxc7 Rf1+ 47. Kg2 1-0

[Event "45th Olympiad Budapest 2024"]
[Site "Budapest"]
[Date "2024.09.19"]
[Round "8"]
[Board "3"]
[White "Shaw, Jaden"]
[Black "Schwarz, Bernhard"]
[Result "1-0"]
[WhiteElo "2051"]
[BlackElo "1875"]
[PlyCount "75"]
[EventDate "2024.09.11"]
[EventType "team-tourn"]
[EventRounds "11"]
[EventCountry "HUN"]
[WhiteTeam "Jamaica"]
[BlackTeam "Namibia"]
[WhiteTeamCountry "JAM"]
[BlackTeamCountry "NAM"]

1. e4 e5 2. Nf3 Nc6 3. Bb5 a6 4. Ba4 Nf6 5. d3 b5 6. Bb3 h6 7. O-O d6 8. a4 ({RR} 8. c3 g6 9. Re1 Bg7 10. a4 Bd7 11. Nbd2 O-O 12. Nf1 Na5 13. Bc2 c5 14. d4 Qc7 15. Ne3 cxd4 16. cxd4 Rfc8 17. Bd2 exd4 18. Nxd4 Nc4 19. Nxc4 Qxc4 20. Bc3 Ng4 21. Bb3 Qc5 22. axb5 axb5 {1-0 Lazic,M (2455)-Nikac,P (2390) YUG-ch 1/2 fin 1997 (10)}) ({RR} 8. c3 g6 9. Re1 Bg7 10. a4 Rb8 11. axb5 axb5 12. Nbd2 O-O 13. Nf1 Kh7 14. Ng3 Be6 15. Bxe6 fxe6 16. d4 Nd7 17. Be3 Ra8 18. Qd3 Rxa1 19. Rxa1 Qb8 20. d5 exd5 21. exd5 Ne7 22. Ne4 Qb7 {0-1 Sharapov,E (2375)-Ozer,O (2337) Titled Tue 9th Jan Early 2024 (4)}) 8... Bg4 9. c3 Rb8 $146 ({RR} 9... Be7 10. Nbd2 O-O 11. h3 Bd7 12. Re1 Na5 13. Bc2 c5 14. Nf1 Nc6 15. Ne3 Qc7 16. Nh2 b4 17. Nhg4 Nxg4 18. hxg4 Bf6 19. Qf3 Be6 20. Nd5 Qd8 21. Nxf6+ Qxf6 22. Qxf6 gxf6 23. Bxh6 Rfb8 24. Bd1 {1-0 Berta,T (2200)-Gyorke,Z (2215) HUN-chT3 9900 1999 (9)}) ({RR} 9... Ne7 10. h3 Bd7 11. Nbd2 g5 12. Nh2 Ng6 13. Ndf3 Qc8 14. g4 Nf4 15. Bxf4 gxf4 16. Nh4 Rg8 17. Kh1 h5 18. Nf5 hxg4 19. hxg4 Nh7 20. Rg1 Ng5 21. Rg2 Qd8 22. f3 Qf6 23. axb5 Bxb5 24. Bd5 {1-0 Rukovci,S (1907)-Larsen,B (1680) Nordic-ch Seniors 2019 (7)}) 10. Re1 g6 11. h3 Bd7 12. Nbd2 g5 13. Nf1 g4 14. hxg4 Bxg4 15. Ne3 Bh5 16. Nf5 Rg8 17. axb5 axb5 18. d4 Qc8 19. Qd3 Rg4 20. Nh2 Rg8 21. Nf1 Ne7 22. N1g3 Bg4 23. Ra5 Qb7 24. dxe5 dxe5 25. c4 Rd8 26. Qc2 Bxf5 27. Rxb5 Qa8 28. exf5 h5 29. Ba4 c6 30. Rbxe5 h4 31. Nf1 Ng4 32. f6 Nxf6 33. Bg5 Rd6 34. c5 Re6 35. Rxe6 fxe6 36. Bxf6 h3 37. Ng3 Qb8 38. Bxe7 1-0

[Event "45th Olympiad Budapest 2024"]
[Site "Budapest"]
[Date "2024.09.19"]
[Round "8"]
[Board "4"]
[White "Nitzborn, Max Baron"]
[Black "McKennis, Darren"]
[Result "0-1"]
[WhiteElo "1800"]
[BlackElo "1905"]
[PlyCount "60"]
[EventDate "2024.09.11"]
[EventType "team-tourn"]
[EventRounds "11"]
[EventCountry "HUN"]
[WhiteTeam "Namibia"]
[BlackTeam "Jamaica"]
[WhiteTeamCountry "NAM"]
[BlackTeamCountry "JAM"]

1. d4 d5 2. Nf3 Nf6 3. g3 c5 4. c4 cxd4 5. Bg2 Nc6 6. Nxd4 e5 7. Nxc6 bxc6 8. O-O Be6 9. Bg5 Qd7 10. Qa4 Rc8 11. Rd1 d4 12. Nc3 Be7 13. Rac1 O-O 14. Bxf6 Bxf6 15. Ne4 Be7 16. c5 $146 ({RR} 16. b4 f5 17. Nc5 Bxc5 18. bxc5 e4 19. e3 d3 20. f3 Rcd8 21. f4 Rb8 22. Rd2 Rb7 23. Rc3 Rfb8 24. Rb3 Rxb3 25. axb3 Qb7 26. Rb2 Qb4 27. Qxa7 Bxc4 28. Qd7 Qe1+ 29. Bf1 Qxe3+ 30. Kg2 Qxc5 {0-1 Trimpe,F (1559)-Poetsch,H (1936) Bad Zwesten op 9th 2005 (4)}) 16... f5 17. Nd6 Bxd6 18. cxd6 Qxd6 19. Bxc6 Rc7 20. Bg2 Rfc8 21. Rxc7 Qxc7 22. b3 h6 23. Qa6 Qb6 24. Qa4 a5 25. Bh3 Kh7 26. Qa3 Qc7 27. f3 Qc2 28. Re1 Qd2 29. Kf1 d3 30. Qe7 dxe2+ 0-1

[Event "45th Olympiad Budapest 2024"]
[Site "Budapest"]
[Date "2024.09.19"]
[Round "8"]
[Board "1"]
[White "Giasi, Viresh"]
[Black "Espinoza Solano, Jose Nahum"]
[Result "0-1"]
[WhiteElo "1998"]
[BlackElo "2156"]
[PlyCount "144"]
[EventDate "2024.09.11"]
[EventType "team-tourn"]
[EventRounds "11"]
[EventCountry "HUN"]
[WhiteTeam "Suriname"]
[BlackTeam "Nicaragua"]
[WhiteTeamCountry "SUR"]
[BlackTeamCountry "NCA"]

1. e4 e5 2. Nf3 Nc6 3. Bb5 a6 4. Ba4 d6 5. h3 Bd7 6. c3 g6 7. d3 ({RR} 7. d4 Bg7 8. Be3 Nge7 9. Nbd2 O-O 10. O-O h6 11. Re1 f5 12. dxe5 dxe5 13. exf5 gxf5 14. Bc5 e4 15. Nh4 Ne5 16. Bb3+ Kh7 17. Bc2 Bf6 18. Nxe4 fxe4 19. Rxe4 Kg7 20. Qe2 N5g6 21. Nxg6 Nxg6 {1-0 Kozakov,M (2513)-Turcsanyi,V (2303) Titled Tue 16th Apr Late 2024 (7)}) 7... Bg7 8. Bg5 $146 ({RR} 8. Be3 Nf6 9. Bb3 O-O 10. O-O h6 11. Qc1 Kh7 12. a4 a5 13. Re1 Nh5 14. d4 f5 15. Bc2 f4 16. Bd2 g5 17. d5 Ne7 18. c4 b6 19. Ra3 Ng6 {0-1 Perpeliev,G-Savinov,L (2161) Moscow June op 2006 (8)}) ({RR} 8. O-O Nge7 9. Bb3 O-O 10. Re1 h6 11. Nbd2 Kh8 12. Nf1 f5 13. Ne3 f4 14. Nd5 Nxd5 15. Bxd5 Qf6 16. b4 g5 17. Nh2 Qg6 18. Bb2 h5 19. f3 Nd8 20. Bb3 Nf7 21. Kf2 Bf6 22. Ke2 Nh6 {0-1 Banszky,M (1920)-Horvath,K (1810) HUN-chT2 Barcza 1213 2012 (6.10)}) ({RR} 8. Nbd2 Nf6 9. Nf1 h6 10. a3 Ne7 11. Bb3 O-O 12. Ng3 Bc6 13. O-O b5 14. Qe2 Nd7 15. Nh2 d5 16. f4 Nc5 17. Bc2 exf4 18. Bxf4 Ne6 19. Be3 Qd6 20. Qe1 Be5 21. Bf2 d4 22. Ng4 Bg7 {0-1 Nadernia,N (1829)-Asgharpourmasoleh,T (1855) IRI-ch (Women) 2017 (8)}) 8... Nge7 9. Bxc6 Bxc6 10. c4 h6 11. Bxe7 Qxe7 12. Nc3 O-O 13. Qe2 Bd7 14. g4 c6 15. Nd2 b5 16. h4 Rab8 17. b3 Be6 18. h5 f5 19. gxf5 gxf5 20. a3 fxe4 21. dxe4 bxc4 22. bxc4 Qf7 23. Rg1 Qa7 24. Rg3 Qd4 25. Rc1 Rf4 26. Nd1 Rh4 27. Qe3 Qxe3+ 28. Nxe3 Rxh5 29. Ke2 Kf7 30. c5 d5 31. exd5 cxd5 32. c6 e4 33. Rg2 Rg5 34. Rxg5 hxg5 35. f3 exf3+ 36. Nxf3 Bf6 37. c7 Rc8 38. Kd3 Ke7 39. Nd4 Bxd4 40. Kxd4 Kd6 41. Rg1 g4 42. Rh1 Kxc7 43. Nxd5+ Bxd5 44. Kxd5 Rg8 45. Rg1 g3 46. Rg2 Kb6 47. Kc4 Ka5 48. Kb3 Rg4 49. Kc2 Kb5 50. Kb3 Kc5 51. Kc3 Kd5 52. Kd3 Ra4 53. Ra2 Rg4 54. Rg2 Rg6 55. a4 Rg4 56. Rg1 g2 57. a5 Kc5 58. Ke3 Kb5 59. Kf2 Kxa5 60. Ra1+ Kb4 61. Kg1 a5 62. Rb1+ Kc3 63. Re1 a4 64. Re3+ Kb4 65. Re8 Rg3 66. Re4+ Kb3 67. Re8 a3 68. Rb8+ Kc2 69. Ra8 Kb2 70. Rb8+ Rb3 71. Re8 a2 72. Kxg2 a1=Q 0-1

[Event "45th Olympiad Budapest 2024"]
[Site "Budapest"]
[Date "2024.09.19"]
[Round "8"]
[Board "2"]
[White "Rocha, Maximiliano"]
[Black "Yeung, Jason"]
[Result "1-0"]
[WhiteElo "2156"]
[BlackElo "1993"]
[PlyCount "57"]
[EventDate "2024.09.11"]
[EventType "team-tourn"]
[EventRounds "11"]
[EventCountry "HUN"]
[WhiteTeam "Nicaragua"]
[BlackTeam "Suriname"]
[WhiteTeamCountry "NCA"]
[BlackTeamCountry "SUR"]

1. e4 c5 2. Nf3 e6 3. c3 d5 4. e5 d4 5. cxd4 cxd4 6. Bb5+ Bd7 7. Nxd4 Qg5 8. O-O Qxe5 9. Bxd7+ Nxd7 10. Nf3 Qc7 11. Nc3 Ngf6 12. d4 Bb4 13. d5 $146 ({RR} 13. Bg5 Bxc3 14. Rc1 Qa5 15. Rxc3 Qxa2 16. Ne5 O-O 17. Rb3 b6 18. f4 Qa4 19. Bh6 Ne8 20. f5 exf5 21. Rxf5 Nxe5 22. dxe5 Qe4 23. Rg5 Rd8 24. Qf1 f6 25. Rf3 Kh8 26. Bxg7+ Nxg7 27. Rxf6 Qe3+ {0-1 Jablonicky,M (2333)-Janik,I (2467) Wch U20 58th 2019 (5)}) 13... Bxc3 14. dxe6 fxe6 15. bxc3 O-O 16. Re1 Qxc3 17. Rb1 Nc5 18. Be3 b6 19. Qe2 Rac8 20. Red1 Nce4 21. h3 Qc2 22. Qa6 Nc3 23. Rbc1 Qe2 24. Rd3 Nfd5 25. Bd4 Nb4 26. Qb7 e5 27. Bxe5 Qxe5 28. Nxe5 Nxd3 29. Rxc3 1-0

[Event "45th Olympiad Budapest 2024"]
[Site "Budapest"]
[Date "2024.09.19"]
[Round "8"]
[Board "3"]
[White "Kalidjo, Imaan"]
[Black "Sanchez, Steven"]
[Result "0-1"]
[WhiteElo "1934"]
[BlackElo "2072"]
[PlyCount "68"]
[EventDate "2024.09.11"]
[EventType "team-tourn"]
[EventRounds "11"]
[EventCountry "HUN"]
[WhiteTeam "Suriname"]
[BlackTeam "Nicaragua"]
[WhiteTeamCountry "SUR"]
[BlackTeamCountry "NCA"]

1. c4 c5 2. g3 g6 3. Bg2 Bg7 4. Nc3 Nc6 5. d3 d6 6. Qd2 e6 ({RR} 6... e5 7. b3 Nge7 8. Bb2 Be6 9. Nd5 Qd7 10. e3 O-O 11. Ne2 Bh3 12. Bxh3 Qxh3 13. Nec3 Rab8 14. O-O-O Nxd5 15. Nxd5 b5 16. f4 a5 17. Rhf1 a4 18. f5 axb3 19. axb3 bxc4 20. bxc4 Rb3 21. f6 {0-1 Aronian,L (2772)-Carlsen,M (2870) Tata Steel India blitz 2019 (16)}) 7. b3 Nge7 8. Bb2 Rb8 $146 ({RR} 8... O-O 9. h4 h6 10. Nf3 d5 11. cxd5 exd5 12. Na4 Bxb2 13. Nxb2 Kh7 14. Rc1 b6 15. d4 cxd4 16. h5 g5 17. Rxc6 Nxc6 18. Qc2+ Kg7 19. Qxc6 Bg4 20. Qa4 Qf6 21. Qxd4 Rac8 22. Kd2 Bxf3 23. Qxf6+ {1-0 So,W (2772)-Dominguez Perez,L (2758) Saint Louis Blitz 2021 (10)}) ({RR} 8... O-O 9. h4 h6 10. Nh3 e5 11. O-O-O Be6 12. Kb1 d5 13. cxd5 Nxd5 14. h5 g5 15. Nxd5 Bxd5 16. Bxd5 Qxd5 17. f4 exf4 18. gxf4 Bxb2 19. Qxb2 f6 20. Rhg1 Rae8 21. e4 Qd7 22. Nf2 Kh7 23. Ng4 {1-0 Aloma Vidal,R (2446)-Hernandez,C (2345) Tancat MI CE Barcelona 2024 (2.1)}) ({RR} 8... O-O 9. h4 d5 10. h5 Qa5 11. Nf3 d4 12. Ne4 Qxd2+ 13. Kxd2 b6 14. hxg6 hxg6 15. Nd6 Rd8 16. Nxc8 Raxc8 17. a3 a5 18. Ng5 Bf6 19. Ne4 Bg7 20. Kc2 f6 21. g4 Kf7 22. f4 Rc7 23. Rh7 {1-0 Kramnik,V (2753)-Bazilius,A (2050) Titled Tue 16th May Early 2023 (10)}) ({RR} 8... O-O 9. h4 h6 10. Nf3 b6 11. O-O Bb7 12. e3 d5 13. Ne2 e5 14. cxd5 Nxd5 15. a3 Qe7 16. Nc3 Rad8 17. Qc2 Nf6 18. Rad1 Rfe8 19. Rfe1 Qc7 20. Qb1 Qb8 21. Ba1 Qa8 22. Nd2 Ne7 23. e4 {1-0 Pancevski,F (2518)-Loeffler,M (2312) Burgdorf op 19th 2020 (5)}) 9. f4 O-O 10. Nf3 a6 11. O-O b5 12. Ne4 Nf5 13. g4 Nfd4 14. g5 bxc4 15. e3 d5 16. Nf6+ Bxf6 17. gxf6 Nxf3+ 18. Bxf3 cxb3 19. Be5 bxa2 20. Rxa2 Rb4 21. Qf2 Kh8 22. Qg3 Rg8 23. Qg5 Qf8 24. Rg2 a5 25. Be2 h6 26. Rf3 Nxe5 27. Qxe5 a4 28. Rh3 Kh7 29. Qg5 e5 30. Rh4 a3 31. Qxe5 a2 32. Bf1 g5 33. Rxg5 Rxg5+ 34. Qxg5 a1=Q 0-1

[Event "45th Olympiad Budapest 2024"]
[Site "Budapest"]
[Date "2024.09.19"]
[Round "8"]
[Board "4"]
[White "Ortiz, Marcos"]
[Black "Chashawa, Shaief"]
[Result "1-0"]
[WhiteElo "2191"]
[BlackElo "1825"]
[PlyCount "81"]
[EventDate "2024.09.11"]
[EventType "team-tourn"]
[EventRounds "11"]
[EventCountry "HUN"]
[WhiteTeam "Nicaragua"]
[BlackTeam "Suriname"]
[WhiteTeamCountry "NCA"]
[BlackTeamCountry "SUR"]

1. e4 e5 2. d4 exd4 3. Nf3 d5 4. Qxd4 Nc6 5. Bb5 Bd7 6. Qxd5 Nf6 7. Qd3 Qe7 $146 ({RR} 7... Nb4 8. Bxd7+ Qxd7 9. Qxd7+ Kxd7 10. Na3 Nxe4 11. Ne5+ Ke6 12. Nac4 Bc5 13. O-O Rad8 14. Bf4 c6 15. Rae1 Kf5 16. Be3 Rhe8 17. f3 Nd2 18. Bxc5 {1-0 Novak,I (2197)-Durica,A (1854) Bratislava Doprastav op 2013 (2)}) ({RR} 7... Nb4 8. Bxd7+ Qxd7 9. Qe2 Qa4 10. Na3 O-O-O 11. Bg5 Be7 12. O-O Rhe8 13. Rfd1 Rxd1+ 14. Rxd1 Nc6 15. Nc4 Nd7 16. b3 Qb4 17. Qd3 Ncb8 18. c3 Qc5 19. Be3 Qc6 20. Bxa7 Rd8 21. Nd4 Qa6 22. Nf5 {1-0 Ruiz Buendia,M (2006)-Vilimek,V (1680) Ceske Budejovice op-A 2020 (7)}) ({RR} 7... Nb4 8. Bxd7+ Qxd7 9. Qxd7+ Kxd7 10. Na3 Nxe4 11. Be3 Bc5 12. Bxc5 Nxc5 13. O-O-O+ Ke7 14. Rhe1+ Kf6 15. Rd4 Nc6 16. Rf4+ Kg6 17. Rg4+ Kf6 18. Rf4+ Kg6 19. Rg4+ Kf6 {½-½ Deak,L (1959)-Forgacs,M (1864) HUN-chT2 Szechenyi 1213 2012 (4.7)}) 8. Nc3 O-O-O 9. Qe2 Ne5 10. Bxd7+ Rxd7 11. O-O h6 12. Bf4 Nxf3+ 13. Qxf3 g5 14. Bg3 Qe6 15. Rfd1 Bg7 16. Qe3 b6 17. Qe2 Kb7 18. Rd3 Re8 19. Rad1 Rxd3 20. cxd3 Nd7 21. Qc2 c6 22. d4 f5 23. f3 f4 24. Bf2 Nf6 25. d5 cxd5 26. exd5 Qf7 27. a4 Rc8 28. a5 Nd7 29. axb6 axb6 30. Qb3 Bxc3 31. bxc3 Qf6 32. Qb5 Rc7 33. c4 Qc3 34. d6 Rc6 35. h4 Qa5 36. Qb1 Qe5 37. c5 gxh4 38. Qh7 Qe8 39. Re1 Qd8 40. Re7 Kc8 41. Qe4 1-0

[Event "45th Olympiad Budapest 2024"]
[Site "Budapest"]
[Date "2024.09.19"]
[Round "8"]
[Board "1"]
[White "Juarez Flores, Carlos A."]
[Black "Al Maashani, Amer"]
[Result "1/2-1/2"]
[WhiteElo "2308"]
[BlackElo "1979"]
[PlyCount "99"]
[EventDate "2024.09.11"]
[EventType "team-tourn"]
[EventRounds "11"]
[EventCountry "HUN"]
[WhiteTeam "Guatemala"]
[BlackTeam "Oman"]
[WhiteTeamCountry "GUA"]
[BlackTeamCountry "OMN"]

1. e4 c5 2. Nf3 Nc6 3. d4 cxd4 4. Nxd4 Nf6 5. Nc3 e5 6. Ndb5 d6 7. Bg5 a6 8. Na3 b5 9. Nd5 Be7 10. Bxf6 Bxf6 11. c3 Bg5 12. Nc2 Rb8 13. g3 O-O 14. Bg2 Ne7 15. O-O ({RR} 15. Ncb4 Bb7 16. Qd3 a5 17. Nxe7+ Qxe7 18. Nd5 Bxd5 19. Qxd5 Rfc8 20. h4 Bf6 21. O-O Rc5 22. Qd2 b4 23. Rac1 Qc7 24. cxb4 Rxb4 25. Rxc5 dxc5 26. Rc1 Be7 27. b3 Rd4 28. Qe3 Qb7 29. Bf3 g6 {½-½ Kokarev,D (2598)-Cori,J (2686) ESP-chT CECLUB Div1 2019 (3.4)}) ({RR} 15. Ncb4 Bb7 16. O-O Kh8 17. Qd3 a5 18. Nxe7 axb4 19. Nd5 Bxd5 20. Qxd5 bxc3 21. bxc3 Qc7 22. Rab1 Qxc3 23. Rxb5 Rxb5 24. Qxb5 Qa3 25. Qd5 Kg8 26. h4 Bd8 27. Rb1 Bc7 28. Rb7 Qc1+ 29. Kh2 Rb8 {1-0 Shandrygin,N (2209)-Serban,C (2282) Titled Tue 23rd Apr Late 2024 (4)}) 15... Nxd5 $146 ({RR} 15... Bb7 16. Ncb4 f5 17. Nxe7+ Bxe7 18. exf5 Bxg2 19. Kxg2 Rb6 20. Nd5 Rb7 21. Qd3 Qd7 22. Rad1 a5 23. Nxe7+ Qxe7 24. Qxd6 Qxd6 25. Rxd6 Rxf5 26. Rfd1 b4 27. Rd8+ Rf8 28. Rxf8+ Kxf8 29. Rd5 bxc3 30. bxc3 {1-0 Sonnberger,R (2250)-Doskocil,K (2215) AUT-chT3 9798 1997 (3)}) 16. exd5 a5 17. Qd3 Qb6 18. Kh1 f5 19. f4 e4 20. Qd2 Bf6 21. a3 Ba6 22. Rfe1 h5 23. Rad1 b4 24. axb4 Bd3 25. Ne3 g6 26. Bf1 Bxf1 27. Rxf1 axb4 28. Rc1 bxc3 29. bxc3 Qc5 30. h3 Rb3 31. g4 Rxc3 32. Rxc3 Bxc3 33. Qe2 Bd4 34. Nc2 hxg4 35. hxg4 Kf7 36. Rb1 Rh8+ 37. Kg2 Bf6 38. Ne3 fxg4 39. Rb7+ Be7 40. Qxg4 Re8 41. Qe6+ Kf8 42. Qxe4 Qc8 43. Ra7 Qb8 44. Rd7 Qb2+ 45. Qc2 Qd4 46. Qxg6 Qxe3 47. Qh6+ Kf7 48. Qh5+ Kf8 49. Qh6+ Kf7 50. Qh5+ 1/2-1/2

[Event "45th Olympiad Budapest 2024"]
[Site "Budapest"]
[Date "2024.09.19"]
[Round "8"]
[Board "2"]
[White "Al Maashani, Abdullah"]
[Black "Giron Chavez, David Emanuel"]
[Result "1/2-1/2"]
[WhiteElo "1893"]
[BlackElo "2065"]
[PlyCount "98"]
[EventDate "2024.09.11"]
[EventType "team-tourn"]
[EventRounds "11"]
[EventCountry "HUN"]
[WhiteTeam "Oman"]
[BlackTeam "Guatemala"]
[WhiteTeamCountry "OMN"]
[BlackTeamCountry "GUA"]

1. e4 c5 2. Nf3 d6 3. d4 cxd4 4. Nxd4 Nf6 5. Nc3 a6 6. f3 e6 7. Be3 Nbd7 8. Qd2 b5 9. O-O-O Qc7 10. g4 h6 ({RR} 10... b4 11. Na4 h6 12. Qxb4 d5 13. Qc3 Qxc3 14. Nxc3 dxe4 15. Nxe4 Nxe4 16. fxe4 Bb7 17. Bd3 Nf6 18. h3 Nxe4 19. Rhe1 Nc5 20. Bc4 Rc8 21. Nb3 Nxb3+ 22. axb3 Be7 23. Kb1 Bh4 24. Rf1 Ke7 25. Rxf7+ {½-½ Akopian,V (2691)-Le,Q (2712) Wch Rapid Khanty-Mansiysk 2013 (12)}) 11. h4 Ne5 ({RR} 11... b4 12. Nce2 d5 13. exd5 Nxd5 14. Bf2 Qa5 15. Kb1 Bb7 16. Bg2 Bd6 17. g5 Ne5 18. Nb3 Qc7 19. Ned4 Ng6 20. Bh3 Bf4 21. Qe2 Qe5 22. h5 Qxe2 23. Nxe2 Ne5 24. g6 Be3 25. gxf7+ Kxf7 26. Bxe3 {0-1 Tran,D-Le,N (1902) Hanoi op 2022 (6)}) 12. Qg2 $146 ({RR} 12. Qf2 b4 13. Nce2 Bb7 14. Ng3 Rc8 15. Bd3 d5 16. Rhf1 Nxd3+ 17. Rxd3 dxe4 18. Nxe4 Bxe4 19. fxe4 Nxg4 20. Qg2 Nxe3 21. Rxe3 Bd6 22. Nf3 Bf4 {0-1 Righi,E (2210)-Cividali,E Bratto op 14th 1994 (4)}) ({RR} 12. Bd3 Nfd7 13. g5 Nxd3+ 14. Qxd3 Ne5 15. Qd2 Nc4 16. Qf2 Nxe3 17. Qxe3 h5 18. Rhe1 Be7 19. Nd5 Qc5 20. b4 Qa7 21. Nc6 Qxe3+ 22. Rxe3 Bxg5 23. hxg5 exd5 24. Rxd5 Kd7 25. Rc3 Bb7 26. e5 Bxc6 {1-0 Mendonca Campelo,H (2119)-Soares,J (1727) Botafogo Fexerj op 2015 (2)}) 12... b4 13. Nb1 Bb7 14. g5 hxg5 15. hxg5 Rxh1 16. Qxh1 Nfd7 17. Nd2 d5 18. exd5 Bxd5 19. Ne4 Qa5 20. Nb3 Qxa2 21. Rxd5 exd5 22. Ned2 Rc8 23. f4 Nc4 24. Nxc4 dxc4 25. Qe4+ Kd8 26. Bxc4 Qa4 27. Kb1 Qc6 28. Bd5 Qb5 29. Bxf7 Nc5 30. Bxc5 Rxc5 31. Nxc5 Qxc5 32. Qe8+ Kc7 33. Be6 Qd6 34. Qc8+ Kb6 35. f5 Be7 36. Bc4 Bxg5 37. Qxa6+ Kc5 38. Bd3 Qxa6 39. Bxa6 Bf6 40. Ka2 Be5 41. Kb3 Bf6 42. Bd3 Be5 43. c3 bxc3 44. bxc3 Bf6 45. Be4 Be5 46. Bb1 Bf6 47. Kc2 Be5 48. Kd3 Bf6 49. Ba2 Be5 1/2-1/2

[Event "45th Olympiad Budapest 2024"]
[Site "Budapest"]
[Date "2024.09.19"]
[Round "8"]
[Board "3"]
[White "Aragon Trujillo, Ricardo M."]
[Black "Al Busaidi, Hamood"]
[Result "1-0"]
[WhiteElo "2057"]
[BlackElo "1881"]
[PlyCount "113"]
[EventDate "2024.09.11"]
[EventType "team-tourn"]
[EventRounds "11"]
[EventCountry "HUN"]
[WhiteTeam "Guatemala"]
[BlackTeam "Oman"]
[WhiteTeamCountry "GUA"]
[BlackTeamCountry "OMN"]

1. e4 c5 2. Nf3 d6 3. c3 Nf6 4. h3 Nc6 5. Bd3 e5 6. Bc2 Be7 7. d4 O-O 8. O-O Qc7 ({RR} 8... cxd4 9. cxd4 exd4 10. Nxd4 d5 11. Nxc6 bxc6 12. e5 Nd7 13. f4 f5 14. Nd2 Nc5 15. Nf3 Ne6 16. Kh2 c5 17. b4 c4 18. Be3 Bxb4 19. Rb1 Bc3 20. Ba4 d4 21. Bc6 dxe3 22. Bxa8 Nxf4 23. Qc1 {1-0 Ponkratov,P (2641)-Sasikiran,K (2650) Chess.com Rapid Wk1 Swiss 2022 (5)}) ({RR} 8... Nd7 9. Re1 Bf6 10. dxe5 Ndxe5 11. Bf4 Re8 12. Nbd2 Be6 13. Nf1 Nxf3+ 14. Qxf3 Qb6 15. b3 Rad8 16. Rac1 Ne5 17. Qg3 Ng6 18. Bg5 Bxg5 19. Qxg5 h6 20. Qg3 Qa5 21. Bb1 b5 22. f4 Bc8 23. Ne3 {1-0 Ibarra Jerez,J (2559)-Makarian,R (2525) Titled Tue 2nd Jan Late 2024 (10)}) 9. d5 Nb8 10. a4 b6 $146 ({RR} 10... Nbd7 11. Na3 a6 12. Nc4 b6 13. Bd3 Bb7 14. Ne3 Rfe8 15. Nf5 Bf8 16. c4 b5 17. b3 bxc4 18. bxc4 Rab8 19. a5 Ba8 20. Nh2 Rb4 21. Bd2 Rb2 22. Bc3 Rb7 23. Qd2 Reb8 24. g4 Qd8 25. Kh1 {1-0 Goutali,T (2327)-Omar,A (2045) Arab Games rapid 2011 (3)}) ({RR} 10... Nbd7 11. Na3 a6 12. Nc4 b6 13. Re1 Rb8 14. Bg5 h6 15. Bxf6 Nxf6 16. a5 b5 17. Nb6 Nd7 18. Nxc8 Rfxc8 19. b3 b4 20. c4 Nf8 21. Nh2 Ng6 22. g3 Bg5 23. h4 Bd8 24. Qh5 Qe7 25. Ng4 {1-0 Orlov,A (2511)-Scholz,C (2368) GER-ch Net blitz qual3 2020 (7)}) ({RR} 10... Ne8 11. Nh2 f5 12. f4 fxe4 13. fxe5 Rxf1+ 14. Nxf1 dxe5 15. Bxe4 Nf6 16. Bc2 {½-½ Tropp,F (2040)-Hros,R (2199) SVK-ch Amateur 2020 (2)}) 11. Na3 a6 12. b4 cxb4 13. cxb4 Ne8 14. Be3 g6 15. Bb3 Qb7 16. Rc1 b5 17. a5 Nd7 18. Nd2 f5 19. f4 exf4 20. Bxf4 Qa7+ 21. Kh1 g5 22. Bh2 f4 23. Bg1 Qb7 24. Nf3 g4 25. hxg4 Ndf6 26. e5 Ne4 27. Bh2 Bxg4 28. Qd4 Bf5 29. Bxf4 Bg6 30. Bh2 Ng7 31. Nd2 Ng5 32. exd6 Rxf1+ 33. Rxf1 Bf8 34. Bc2 Rc8 35. Bxg6 hxg6 36. Nab1 Nf7 37. Ne4 Rc4 38. Nf6+ Kh8 39. Qd2 Rh4 40. Rf4 Rxh2+ 41. Kxh2 Bxd6 42. g3 Bxf4 43. Qxf4 Nf5 44. Nd2 Qe7 45. Nde4 Kg7 46. Qb8 N7h6 47. d6 Qe6 48. Ne8+ Kh8 49. Nc7+ Qg8 50. Qxg8+ Kxg8 51. d7 Nf7 52. Ne6 Ne7 53. Nf6+ Kh8 54. d8=Q+ Nxd8 55. Nxd8 Kg7 56. Nd7 Nd5 57. Nc6 1-0